Hardcore General Knowledge #7 - Statistics

General Stats
  • This quiz has been taken 117 times
  • The average score is 3 of 15
Answer Stats
Hint Answer % Correct
What is the singular form of the word data? Datum
76%
The Clean Diamond Trade Act of 2003 aimed to prevent the import into the US of diamonds used to fund military conflicts. What are these diamonds referred to as? Blood diamonds
65%
What is the rarest species of bear in the world? Giant panda
48%
Finish this sentence: A man, a plan, a canal, ___. Panama
45%
Which is the least populated American state capital? Montpelier
29%
What official SI unit is equal to the metric tonne? Megagram
16%
Correctly spell the full name of the disease polio. Poliomyelitis
12%
What music group was most searched for on Google in 2001... and didn't even make the top 10 in 2002? The Beatles
12%
What is the number 256 in base 17? F1
9%
In which text editor does the command "u" undo the previous operation? Vim
8%
Who led the Charge of the Light Brigade? Lord Cardigan
4%
In what year was the first world championship of the above held? 1950
3%
At which site in Tanzania were 17 thousand-year-old homonid fossils famously found in 1913? Olduvai Gorge
2%
What country was the last to adopt the Gregorian Calendar? Saudi Arabia
2%
Who holds the Guinness World Record for "Fastest marathon dressed as an elf (male)"? Ashley Payne
0%
No matching quizzes found
Score Distribution
Percent of People with Each Score
Percentile by Number Answered
Your Score History
You have not taken this quiz